000 00755nam a2200217 a 4500
001 BRCA_1836
005 20190320203553.0
008 810115s1979 mx-a---##c---#001-0#spa-#
040 _aDLC
_cDLC
_dDLC
050 4 _aNE502
_b.A77 1979
245 1 0 _aArtes Gráficas Panamericanas, AGPA
_ceditor Mario de la Torre ; textos de Octavio Paz, Stanton L. Catlin.
260 _aMéxico
_bCartón y Papel de México
_cc1979
300 _a346 p.
_bil. (algunas a color)
_c28 cm.
504 _aBibliografía : p. 286-334
546 _aTextos en : español e inglés
650 1 4 _aImpresos en América Latina
_vCatálogos
_ySiglo XX
_95708
700 1 _aTorre, Mario de la
_95709
700 1 _aPaz, Octavio
_9902
700 1 _aCatlin, Stanton L
_95710
942 _2lcc
_cB
999 _c1617
_d1617